[Event "Dortmund op-A"]
[Site "Dortmund"]
[Date "1992.??.??"]
[Round "10"]
[White "Balashov, Yuri S"]
[Black "Lputian, Smbat G"]
[Result "1/2-1/2"]
[WhiteElo "2565"]
[BlackElo "2560"]
[Annotator "Ribli,Z"]
[PlyCount "115"]
[EventDate "1992.04.??"]
[EventType "swiss"]
[EventRounds "11"]
[EventCountry "GER"]
[SourceTitle "CBM 029"]
[Source "ChessBase"]
[SourceDate "1992.08.01"]
[SourceVersion "1"]
[SourceVersionDate "1992.08.01"]
[SourceQuality "1"]

1. c4 e6 2. g3 d5 3. Bg2 Nf6 4. Nf3 dxc4 5. Qa4+ Nbd7 6. Qxc4 c5 7. Qb3 Bd6 8.
Nc3 O-O 9. O-O (9. d3 a6 10. a4 Bc7 11. Qa2 Ba5 $1 12. O-O Ra7 13. Nd2 b6 14.
Nc4 Bb4 15. Nd6 Ne5 16. Nxc8 Qxc8 17. Rd1 Nc6 $10 {Sorokin,M-Kiselev,S
Budapest Spring op 1990 EXP/17}) 9... Qb6 $5 10. d4 $1 Qxb3 (10... cxd4 11.
Qxb6 Nxb6 12. Nxd4 $14) 11. axb3 cxd4 12. Nxd4 Bc5 13. Nc2 a6 14. b4 Bb6 15.
Be3 Rb8 16. Rfd1 Bxe3 17. Nxe3 Ne5 18. Rd6 Nc6 19. b5 axb5 20. Nxb5 Bd7 21.
Rad1 Ne5 22. f4 Nc4 23. Nxc4 Bxb5 24. b3 Bc6 25. Nb6 Bxg2 26. Kxg2 $14 Rfe8 27.
Nd7 (27. Kf3 $5) 27... Nxd7 28. Rxd7 Kf8 29. Rc7 Re7 30. Rdd7 Rxd7 31. Rxd7 b6
32. Kf2 h5 33. b4 g6 34. b5 Kg7 35. h3 Kf6 36. g4 hxg4 37. hxg4 g5 38. e3 gxf4
39. exf4 Rc8 $1 40. Rb7 Rc2+ 41. Ke3 Rc3+ 42. Kd4 Rb3 43. g5+ Kg6 44. Rxb6 Kf5
45. Rb7 Kxf4 46. Rxf7+ Kxg5 47. Kc4 Rb1 48. Rf3 e5 49. Rb3 Rd1 $1 50. b6 Rd8
51. b7 Rb8 52. Kd5 Kf4 53. Rb4+ Kf5 54. Kc6 e4 55. Kc7 Rxb7+ 56. Rxb7 e3 57.
Kd6 Ke4 58. Kc5 1/2-1/2

[Event "Bled op 13th"]
[Site "Bled"]
[Date "1992.??.??"]
[Round "5"]
[White "Panchenko, Alexander N"]
[Black "Jelen, Iztok"]
[Result "1-0"]
[WhiteElo "2460"]
[BlackElo "2425"]
[Annotator "Ribli,Z"]
[PlyCount "99"]
[EventDate "1992.03.??"]
[EventType "swiss"]
[EventRounds "9"]
[EventCountry "SLO"]
[SourceTitle "CBM 029"]
[Source "ChessBase"]
[SourceDate "1992.08.01"]
[SourceVersion "1"]
[SourceVersionDate "1992.08.01"]
[SourceQuality "1"]

1. c4 e6 2. Nf3 d5 3. g3 dxc4 4. Qa4+ Nd7 5. Bg2 Ngf6 6. Qxc4 c5 7. Qb3 $5 Rb8
8. d3 Bd6 9. Nc3 a6 10. Ng5 $5 (10. a4 b6 11. Ng5 Bb7 12. Bxb7 Rxb7 13. O-O h6
14. Nge4 Be7 15. Rd1 O-O 16. Bf4 Nxe4 17. Nxe4 Nf6 18. Qc4 $14 {Krasenkov,
M-Kiselev,S Belgorod 1990 EXP/17}) 10... b5 (10... b6 $5 11. Nge4 Nxe4 12. Nxe4
Be5 $1 13. Bg5 Qc7 14. Rc1 Bb7 15. O-O O-O 16. Nd2 $10 {Stean-Svesnikov
Smederevska Palanka 1980 29/45}) (10... Qe7 11. O-O O-O 12. Nge4 Bc7 (12... Be5
$5) 13. Rd1 b6 14. d4 cxd4 15. Rxd4 Nc5 16. Qa3 Nfxe4 17. Nxe4 Bb7 18. Nxc5
Bxg2 $2 19. Nd7 $18 {Schlosser,P-Polgar,Zso Brno-B 1991 CBM/26}) 11. O-O Qb6 (
11... Be5 $5 12. f4 Bd4+ 13. e3 Bxc3 14. Qxc3 O-O 15. e4 h6 16. Nh3 Qb6 17. Nf2
c4 18. d4 a5 19. Be3 b4 20. Qd2 Qc7 $13 {Sigfusson,S-Petursson,M Reykjavik
1989 CBM/13}) 12. Be3 $5 (12. Nce4 Nxe4 13. Nxe4 Bb7 14. Nxd6+ Qxd6 15. Bxb7
Rxb7 16. a4 O-O 17. axb5 axb5 18. Bf4 Qc6 19. Rfc1 $14 {Stangl,M-Marciano,D
Wildbad 1990 EXP/20}) 12... O-O 13. Rac1 Bb7 14. Nge4 Rfc8 $2 (14... Nxe4 15.
Nxe4 Rfc8 $14) 15. Na4 $1 Qa5 (15... bxa4 16. Qxb6 Nxb6 17. Nxd6 $18) 16. Naxc5
Bd5 17. Nxf6+ Nxf6 18. Bxd5 Nxd5 19. Nb7 Qb4 20. Nxd6 (20. Qxb4 Bxb4 21. Bc5
Rxb7 22. Bxb4 Rbc7 23. Bd2 Rc2 24. Rxc2 Rxc2 25. Rc1 $18) 20... Qxd6 21. Bd2 h6
22. Rc2 Rxc2 23. Qxc2 Nb6 24. Rc1 Rc8 25. Qd1 Rxc1 26. Qxc1 $18 Qe5 27. e4 Qd6
28. Be3 Nd7 29. d4 f5 30. Qc8+ Kh7 31. e5 Qd5 32. Qxa6 Nb8 33. Qa7 Nc6 34. Qc5
Qe4 35. Qxb5 g5 36. Qb7+ Kg6 37. Qd7 Qb1+ 38. Kg2 Qe4+ 39. f3 $1 Qxe3 40. Qxe6+
Kg7 41. Qf6+ Kg8 42. Qg6+ Kh8 43. Qxh6+ Kg8 44. Qg6+ Kh8 45. Qxf5 $1 Nxd4 46.
Qe4 Qd2+ 47. Kh3 Kg7 48. e6 Kf8 49. Qg6 Ke7 50. Qf7+ {(1.50/2.35)} 1-0

[Event "Barcelona"]
[Site "Barcelona"]
[Date "1992.05.??"]
[Round "9"]
[White "Rivas Pastor, Manuel"]
[Black "Rodriguez Vargas, Orestes"]
[Result "1-0"]
[WhiteElo "2520"]
[BlackElo "2455"]
[Annotator "Ribli,Z"]
[PlyCount "93"]
[EventDate "1992.05.??"]
[EventType "tourn"]
[EventRounds "11"]
[EventCountry "ESP"]
[EventCategory "13"]
[SourceTitle "CBM 030"]
[Source "ChessBase"]
[SourceDate "1992.10.01"]
[SourceVersion "1"]
[SourceVersionDate "1992.10.01"]
[SourceQuality "1"]

1. c4 e6 2. Nf3 d5 3. b3 c5 4. g3 d4 $6 5. Bg2 Ne7 6. O-O Nec6 7. e4 (7. e3 $5
$14) 7... Be7 8. d3 h5 9. h4 e5 10. a3 a5 11. Ra2 $1 Na6 12. Nh2 Be6 13. f4 f6
14. f5 Bf7 15. a4 Qd7 16. Rf3 O-O-O 17. Bh3 Rdg8 18. Qf1 Kb8 19. Na3 Nc7 20.
Raf2 b6 21. Bd2 Na7 22. Be1 Nc8 23. Nb5 (23. Rg2 Nd6 24. g4 hxg4 25. Bxg4 $13)
23... Nxb5 24. axb5 Nd6 25. Qg2 Nxb5 $2 26. cxb5 Bxb3 27. Rb2 a4 28. Nf1 $1 c4
29. dxc4 Rc8 (29... Bxc4 30. Qc2 Bxb5 31. Qb1 $18) 30. Nd2 Bd1 31. Rd3 Rc7 32.
Qf1 Rhc8 33. Bf2 $18 Bg4 34. Bxg4 hxg4 35. Ra2 Ra7 36. Qd1 a3 37. Qxg4 Bb4 38.
Qd1 Bxd2 39. Qxd2 Rxc4 40. Rdxa3 Rxa3 41. Rxa3 Qxb5 42. Qa2 Qc6 43. Ra6 Kc7 44.
Ra7+ Kd6 45. Be1 d3 46. Qa3+ Qc5+ 47. Bf2 1-0

[Event "BIH-chT"]
[Site "Neum"]
[Date "2002.06.05"]
[Round "6.5"]
[White "Kurajica, Bojan"]
[Black "Lugovoi, Aleksei"]
[Result "0-1"]
[WhiteElo "2555"]
[BlackElo "2510"]
[Annotator "Ribli,Z"]
[PlyCount "70"]
[EventDate "2002.06.02"]
[EventType "team"]
[EventRounds "9"]
[EventCountry "BIH"]
[SourceTitle "CBM 090"]
[Source "ChessBase"]
[SourceDate "2002.09.20"]
[SourceVersion "1"]
[SourceVersionDate "2002.09.20"]
[SourceQuality "1"]
[WhiteTeam "Sarajevo Bosna"]
[BlackTeam "Kiseljak"]
[WhiteTeamCountry "BIH"]
[BlackTeamCountry "BIH"]

1. Nf3 Nf6 2. c4 e6 3. g3 a6 {Das ist die sogenannte Romanishin Variante -
Schwarz bereitet b7-b5 vor. Er hat keine Furcht vor der Öffnung der großen
Diagonale h1 - a8.} 4. Bg2 (4. Nc3 d5 {Es scheint, als habe Schwarz hier mit
dem Zug a7-a6 ein Tempo verloren. Nun aber muss Weiß eigentlich 5.cxd5 exd5 6.
Bg2 spielen, wonach der Bg2 weniger gut platziert ist (Schwarz kann den Pd5
gut mit c7-c6 stützen). Auf diese Weise bekäme Schwarz also ausgeglichenes
Spiel.}) 4... b5 5. Qc2 {Dieser Zug wird selten gespielt - üblich ist 5.b3.} (
5. b3 c5 6. Nc3 Qb6 7. O-O Bb7 8. Rb1 Be7 9. d3 (9. d4 cxd4 10. Qxd4 Qxd4 11.
Nxd4 Bxg2 12. Kxg2 Nc6 13. Nxc6 dxc6 14. Bf4 Bb4 {1/2-1/2 Andersson,U-Karpov,A/
Biel SKA 1996/CBM 55}) 9... Bc6 10. Qc2 O-O 11. a4 b4 12. Ne4 d5 $13 {0-1
Obukhov,A-Lugovoi,A/St Petersburg 1997/CBM 62/[Ribli] (60)}) 5... c5 (5... Bb7
6. O-O Be7 (6... c5 $5) 7. b3 c5 8. Bb2 Qb6 (8... Nc6 9. d3 O-O 10. Nbd2 d6 11.
Rac1 Re8 12. Qb1 Bf8 13. Rfd1 Rb8 14. Qa1 {1/2-1/2 Marosi,G-Dorfman,J/Budapest
1980/EXT 99 (14)}) 9. d3 d6 10. Nbd2 O-O 11. Rac1 Nc6 12. Qb1 a5 13. e3 a4 14.
cxb5 Qxb5 15. bxa4 Qa6 16. Bxf6 Bxf6 17. Ne4 Be7 18. d4 {1-0 Vaulin,A-Lugovoi,
A/Elista 2001/CBM 83 (61)}) 6. d4 {Meiner Meinung nach ist dieser Zug nicht
besonders logisch (speziell nach 5.Qc2). Weiß täte besser daran, die Stellung
geschlossen zu halten.} (6. b3) (6. d3) 6... Bb7 7. O-O Qb6 {Der Textzug
stellt Weiß vor Probleme mit seinem Pd4.} (7... cxd4 8. Bg5 (8. Nxd4 $5) 8...
Be7 9. Nbd2 Nc6 10. Ne5 Nb4 11. Qb3 Bxg2 12. Kxg2 Rb8 13. Nef3 bxc4 14. Qxc4
O-O 15. a3 d5 16. Qc1 Rc8 17. Qd1 Nc6 18. Nb3 e5 {0-1 Barni,N-Gaggiottini,M/
Italy 1995/EXT 2002 (33)}) 8. dxc5 Bxc5 $11 {Schwarz hat eine bequeme Stellung
erreicht; seine Figuren stehen aktiv am Damenflügel.} 9. a3 (9. Nbd2 O-O 10. b3
d5 $11) (9. Nc3 O-O (9... bxc4 10. Na4 Qb5 11. Nxc5 Qxc5 12. Be3 $44)) 9... Be4
$5 $36 {[%csl Rc2][%mdl 2048] Dieser gute Läuferzug verjagt die gegnerische
Dame.} 10. Qc3 (10. Qb3 bxc4 (10... Nc6 11. Nbd2 (11. Nc3 Bxf3 12. exf3 (12.
Bxf3 Nd4 $17) 12... Nd4 $17 {[%csl Gd4]}) 11... O-O $11) 11. Qxc4 d5 12. Qa4+
Nbd7 13. Nc3 Rc8 $15) 10... Nc6 $15 {[%cal Gc6d4] Jetzt hat Schwarz sogar
schon Entwicklungsvorsprung, und die weiße Dame steht unglücklich auf c3.} (
10... bxc4 11. Qxc4 d5 $15) 11. b4 Bd4 (11... Nd4 $2 12. bxc5 Nxe2+ 13. Kh1
Nxc3 14. cxb6 Nxb1 15. Bf4 Nc3 16. Ng5 $16 {[%csl Gb6][%cal Gf4b8]}) 12. Nxd4
Nxd4 {[%csl Gd4]} (12... Qxd4 $6 13. c5 $132) 13. Qe3 {Das ist nun schon der
dritte Zug der weißen Dame. Und auch hier, auf e3, steht die Dame erneut
schlecht.} (13. Re1 $6 Bxg2 14. Kxg2 (14. c5 Nxe2+ 15. Rxe2 Qc6 $17) 14... Qc6+
$19 {[%cal Rc6c4,Rc6g2]}) 13... Bxg2 14. Rd1 (14. Kxg2 Qc6+ $19 {Nebst 15...
Nc2.}) 14... Nxe2+ {Das ist einfach - damit gewinnt Schwarz einen Bauern, und
die weißen Felder in der weißen Königsstellung werden weiter geschwächt.} (
14... bxc4 15. Qxd4 (15. Rxd4 Bd5 16. Nc3 O-O 17. Qd2 $132) 15... Qxd4 16. Rxd4
Bd5 17. Nc3 $132) 15. Qxe2 Bb7 $17 {[%csl Yf3,Yg2,Yh1][%cal Gb7h1] Schwarz hat
jetzt einen gesunden Mehrbauern. Zudem ist die gegnerische Königsstellung sehr
schwach. Schwarz droht konkret 16...Qc6.} 16. Nd2 (16. c5 Qc6 $19) 16... Qc6
17. f3 bxc4 18. Nxc4 (18. Qxc4 Qxc4 19. Nxc4 Bxf3 $19) 18... Qxf3 19. Nd6+ Ke7
20. Qxf3 Bxf3 $19 {[%mdl 1024] Dank der beiden Mehrbauern steht Schwarz auf
Gewinn. Die scheinbar aktive Stellung des Nd6 ist nichts wert.} 21. Rd4 Nd5 {
Nun muss der stolze Nd6 sein Feld schon aufgeben.} 22. Nc4 Be2 23. Ne3 (23. Bb2
Bxc4 24. Rxc4 f6 $19) 23... Nxe3 24. Bxe3 d5 {Der schwarze Materialvorteil
muss früher oder später die Partie entscheiden. Auch die ungleichfarbigen
Läufer können Weiß nicht mehr helfen.} 25. Re1 Bc4 26. Rg4 Rhg8 {Schwarz
umgeht die Schwächung seiner Bauernstellung durch g6, denn er möchte seinen
Plan f6 - e5 durchsetzen.} (26... g6) 27. Bc5+ Kd7 28. Rh4 h6 29. Rd4 f6 {
[%cal Ge6e5]} 30. g4 e5 {[%csl Gd5,Ge5] Die verbundenen schwarzen
Zentrumsbauern sind sehr stark.} 31. Rd2 Ke6 32. h4 Rgc8 33. Kf2 a5 (33... Rxc5
34. bxc5 Rc8 $19) 34. Kf3 axb4 35. Bxb4 (35. axb4 Ra3+ $19) 35... Ba6 0-1

[Event "Bled op 13th"]
[Site "Bled"]
[Date "1992.??.??"]
[Round "9"]
[White "Shcherbakov, Ruslan"]
[Black "Palac, Mladen"]
[Result "1-0"]
[WhiteElo "2495"]
[BlackElo "2500"]
[Annotator "Ribli,Z"]
[PlyCount "96"]
[EventDate "1992.03.??"]
[EventType "swiss"]
[EventRounds "9"]
[EventCountry "SLO"]
[SourceTitle "CBM 029"]
[Source "ChessBase"]
[SourceDate "1992.08.01"]
[SourceVersion "1"]
[SourceVersionDate "1992.08.01"]
[SourceQuality "1"]

1. c4 e6 2. Nf3 Nf6 3. g3 d5 4. Bg2 dxc4 5. Qa4+ Nbd7 6. Qxc4 c5 7. d3 $5 Bd6
8. a4 $1 O-O 9. Qb3 $5 (9. Nc3 a6 10. Qb3 Rb8 11. Nd2 b6 12. Nc4 Bc7 13. O-O
Ne5 14. Bf4 Nxc4 15. Qxc4 Bxf4 16. Qxf4 Bb7 $10 {Wirthensohn,H-Luther,T
Altensteig 1990 CBM/20}) (9. O-O $5 Nb6 10. Qc2 Bd7 11. e4 $1 Bc6 12. Nbd2 e5
13. b3 Re8 14. Bb2 $16 {Dorfman-Nogueiras Moskva GMA 1990 49/9}) 9... Rb8 10.
Na3 Bc7 (10... a6 11. Nc4 Bc7 12. a5 $14) 11. Nb5 Ba5+ 12. Nd2 a6 13. Nc3 b5 $6
(13... Bc7 $5 14. O-O b6 15. Nc4 $14 Bb7 $2 16. Bxb7 Rxb7 17. Na5 $18) 14. axb5
axb5 15. O-O Qb6 16. Nde4 Nxe4 17. Nxe4 Bb7 18. Be3 Bd5 19. Qa3 Bb4 20. Qxb4 $1
cxb4 21. Bxb6 Nxb6 22. Nd6 Bxg2 23. Kxg2 Nc8 24. Ne4 Nb6 25. Ra5 Na4 26. Rc1 $1
Nxb2 27. Rb1 Na4 28. Rxb4 $16 Nb6 29. Raxb5 Nd7 30. Rb7 $1 Rxb7 31. Rxb7 Nf6
32. Nd6 $1 Ne8 33. Nc4 Nf6 34. f4 g6 35. Ne5 $18 Kg7 36. g4 h6 37. h4 Nd5 38.
Kf3 Nf6 39. g5 hxg5 40. hxg5 Ne8 41. Rd7 Kg8 42. e3 Kg7 43. Ng4 Kg8 44. e4 Kg7
45. d4 Kg8 46. Nh6+ Kg7 47. e5 Kh8 48. Nxf7+ Kg8 {(2.33/2.02)} 1-0

[Event "HUN-ch"]
[Site "Lillafured"]
[Date "1999.02.02"]
[Round "2"]
[White "Horvath, Csaba"]
[Black "Gyimesi, Zoltan"]
[Result "1/2-1/2"]
[WhiteElo "2524"]
[BlackElo "2529"]
[Annotator "Ribli,Z"]
[PlyCount "133"]
[EventDate "1999.02.01"]
[EventType "tourn"]
[EventRounds "9"]
[EventCountry "HUN"]
[EventCategory "13"]
[SourceTitle "CBM 070"]
[Source "ChessBase"]
[SourceDate "1999.06.08"]
[SourceVersion "1"]
[SourceVersionDate "1999.06.08"]
[SourceQuality "1"]

{[%mdl 4128]} 1. c4 {Das ist eine Überraschung. Normalerweise eröffnet GM
Horvath mit 1.d4, aber er will jetzt das angenommene Damengambit verhindern.
Ribli.} e6 2. g3 d5 3. Bg2 Nf6 (3... dxc4 $5 {Dieser Zug führt zu ähnlichen
Stellungen wie die Partiefortsetzung.}) 4. Nf3 dxc4 5. Qa4+ Nbd7 6. Qxc4 a6 {
6...c5 wurde in letzter Zeit häufiger gespielt.} 7. Qb3 {Weiß verhindert den
Zug ...b7-b5 (und Bb7).} (7. Qc2 $5 c5 8. Nc3 Ra7 9. O-O b6 10. d4 Bb7 11. e4
cxd4 12. Nxd4 Bc5 13. Rd1 Qa8 14. Nb3 Bb4 (14... Be7 15. Be3 O-O 16. Rac1 $14)
15. a3 Bxc3 16. Qxc3 O-O (16... Bxe4 $2 17. Bxe4 Nxe4 18. Qxg7 Rf8 19. Bh6 $18)
17. f3 Rc8 18. Qd4 Bc6 19. Bf4 {Ribli. 1/2-1/2 Vaganian,R-Yusupov,A/Riga Tal
1995/CBM 47/[Ribli] (27)}) (7. d3 b5 8. Qc6 Rb8 9. Bf4 Nd5 10. Bg5 Be7 11. Bxe7
Qxe7 12. O-O Bb7 13. Qc2 O-O $11 {Und Schwarz hat eine gleiche Stellung. Er
kann im Folgenden ...c7-c5 ziehen.}) 7... c5 (7... Rb8 {Dieser Zug scheint mir
besser als die Partiefortsetzung.}) (7... Bd6) 8. a4 Rb8 (8... Qb6 9. Qxb6 Nxb6
10. a5 $14 {Petursson,M- Jonsson,B/Akureyri/1994/CBM40/}) 9. a5 $5 {Weiß hat
keine Angst vor der Schwäche seines a-Bauern. Er gewinnt Raum am Damenflügel
und nach eventuellem ...b7-b5 muß Schwarz stets mit axb6 rechnen.} (9. d3) 9...
Bd6 10. d3 Bc7 (10... O-O 11. Nbd2 (11. O-O h6 (11... b5 12. axb6 Nxb6 13. Na3
$14) 12. Bd2 $14) 11... b5 12. axb6 Nxb6 13. O-O Qc7 14. Qc2 Bb7 15. b3 Nbd5
16. Nc4 Be7 17. Bb2 {1-0 Pelletier,Y-Lindinger,M/City-ch, Hamburg GER 1998 (28)
}) 11. Bd2 (11. Qa3 Nd5 (11... O-O 12. O-O Nd5 13. Bg5 Qe8 14. Rc1 h6 15. Bd2
Bd6 16. Nc3 b5 17. axb6 Rxb6 18. Na4 Rb5 19. Nd4 {1-0 Stangl,M-Gurevich,V/
Berliner Sommer 1993/EXT 93op (38)}) 12. Bg5 f6 13. Bd2 O-O 14. O-O Kh8 15. Rc1
Bd6 16. Qb3 b5 17. axb6 N7xb6 18. d4 Nd7 19. Qc2 Bb7 20. Na3 Qe7 21. Nc4 Rfc8
22. Qd1 cxd4 23. Nxd6 Qxd6 {1/2-1/2 Stangl,M-Taimanov,M/Wildbad 1990/EXP 20 
(23)}) 11... O-O 12. O-O Nd5 (12... Re8 13. Qa4 e5 14. Nc3 h6 15. Be3 Bd6 16.
Nd2 Bf8 17. Nc4 b5 18. axb6 Nxb6 19. Qc2 $16 {1-0 Makarov,M-Matychenkov,V/
Smolensk 1991/CBM 24/[Ribli] (28)}) (12... e5 13. Qa4 b5 14. axb6 Rxb6 15. Qc2
Bb7 16. Ba5 Rb5 17. Bxc7 Qxc7 18. Nc3 Rb4 19. Rfc1 (19. Ra2 $5) 19... Rb8 20.
Nd1 {1/2-1/2 Sorokin,M-Sveshnikov,E/Moscow Alekhine op 1992/CBM 33/[Ribli] (20)
}) 13. Qa3 {Weiß muß den a5-Bauern verteidigen, sonst kann er nicht Nc3 ziehen.
} Bd6 {[%cal Gd6a3]} 14. Nc3 $14 {[%csl Ga5,Rc8] Weiß hat Raumvorteil am
Damenflügel, während Schwarz noch mit Entwicklungsproblemen seines Damenläufer
kämpft.} N7f6 15. e4 Nxc3 16. Bxc3 {[%csl Gc3]} (16. bxc3 e5 $11) 16... Ne8 $5
{[%cal Ge8c7,Gc7b5] Schwarz vermeidet das Gabelmotiv 17.e4-e5. Der Springer
strebt nach b5.} 17. Be5 $1 {Ein positionell starker Zug. Nach Tausch der
Läufer wird der schwarze Bauer c5 schwach.} b6 $8 (17... b5 18. axb6) 18. axb6
Qxb6 {[%csl Rc5]} 19. Rfc1 {[%cal Gc1c5]} c4 (19... Bxe5 20. Nxe5 Qxb2 21. Qxc5
$14) 20. Bxd6 Nxd6 21. Ne5 $1 f6 (21... Nb5 $5 22. Nxc4 (22. Qe7 Rb7 (22...
cxd3 23. Qxf8+ Kxf8 24. Rxc8+ Rxc8 25. Nd7+ {[%cal Rd7b6,Rd7f8]} Ke7 26. Nxb6
Rc6 27. Na4 d2 {[%csl Gd2]} 28. Rd1 (28. Rf1) 28... Rc1 29. Bf3 Nd4 $132))
22... Qd4 $44 {[%csl Gd4] Schwarz hat einen Minusbauern, übt aber starke
Kontrolle über das Feld d4 aus.}) 22. Nxc4 Nxc4 23. dxc4 Qxb2 {Schwarz hat das
materielle Gleichgewicht wiederhergestellt, aber Weiß aht die Initiative am
Damenflügel.} 24. c5 {[%csl Ra6,Gc5] Der weiße c-Bauer ist gefährlicher als
der entfernte schwarze a-Freibauer, der eher zur Schwäche neigt.} Qxa3 25. Rxa3
e5 26. Bf1 $1 $16 {[%csl Ra6,Yd5][%cal Gf1c4,Gc4g8,Rf1a6] Die Umgruppierung
des weißen Läufers ist sehr unangenehm für Schwarz.} Kf7 27. Bxa6 {Weiß
gewinnt den Bauern, aber den Läufer nach d5 zu stellen, wäre auch eine gute
Idee.} (27. Bc4+ Ke7 28. Bd5 $16 {[%csl Gd5]}) 27... Bxa6 28. Rxa6 {trotz des
weiße mehrbaiern ist die Remisbreite im Turmendspiel natürlich noch recht groß.
} Rb7 $8 29. Rc6 (29. c6 $6 Rc7 {[%csl Gc7] Und Schwarz spielt ...Rf8-c8, um
sich dann mit dem König dem weißen Freibauern anzunähern.}) 29... Rd8 {[%cal
Gd8d1]} 30. Rc2 Rd4 31. f3 Rbd7 32. h4 (32. Kf2 Rd2+ 33. Rxd2 Rxd2+ {[%csl Rh2]
[%cal Rd2h2]} 34. Kg1 Rc2 $14 {[%csl Gc2]}) 32... h5 33. Rc8 Rd2 34. c6 $1 (34.
Rxd2 Rxd2 35. c6 Rc2 $14) 34... Rd1+ (34... Rxc2 $4 35. cxd7 $18) 35. Kf2 R7d2+
36. Rxd2 Rxd2+ 37. Ke3 Rc2 {[%csl Gc2] Nur auf den ersten Blick hat Weiß sehr
gute Gewinnchancen, denn sein Turm steht vor dem Freibauern nicht so aktiv und
ohne Unterstützung des Königs ist der c-Freibauer nicht so gefährlich.} 38. Kd3
Rc1 {[%cal Gc1c8] Der weiße Vorteil ist nicht leicht zu verwerten. Das Problem
ist, den Freibauern mit dem König zu unterstützen.} 39. Kd2 Rc5 40. f4 Kg6 (
40... exf4 $2 41. gxf4 $16 {und der Weg für den weißen König zum Freibauern
ist frei.}) 41. c7 (41. f5+ Kh7 $14) 41... Rc6 42. Kd3 Rc5 43. fxe5 {Sonst
kommt Weiß nicht voran.} fxe5 44. Re8 {Weiß tauscht seinen c-Bauern gegen den
schwarzen e-Bauern.} Rxc7 45. Rxe5 Ra7 46. Ke3 Ra1 47. Rg5+ $6 $14 {Dieser
natürliche Zug verliert ein wichtiges Tempo.} (47. Rb5 $1 $16) 47... Kh6 48.
Kf4 g6 49. Rb5 {Weiß muß seinen Turm aktivieren.} (49. Ke5 Ra5+ 50. Kd6 Ra6+ (
50... Rxg5 $4 51. hxg5+ Kxg5 52. e5 $18)) 49... Rf1+ 50. Ke5 Rf3 {[%csl Gf3]
Schwarz verfolgt eine typische Strategie: Er holt sich den g-Bauern und opfert
später den Turm für den weißen e-Bauern. Dank seines aktiven Königs kann er
dann das Endspiel Bauer gegen Turm Remis halten.} 51. Kd6 Rxg3 $11 52. e5 g5
53. e6 (53. hxg5+ Kxg5 54. e6+ Kf6 $11) 53... gxh4 54. e7 Rg8 (54... Re3 $4 55.
Re5 $18) 55. Kd7 h3 56. Rb3 (56. e8=Q Rxe8 57. Kxe8 h2 58. Rb1 Kg5 59. Rh1 Kg4
60. Rxh2 h4 $11) 56... h4 57. Rxh3 Kg5 58. Rc3 (58. e8=Q Rxe8 59. Kxe8 Kg4 $11)
58... Kg4 59. Rc8 Rg7 $8 {Schwarz ist zufrieden. Er kann den Turm für den
weißen Freibauern geben.} 60. Ke6 Rxe7+ 61. Kxe7 h3 62. Kf6 h2 {[%csl Rf6] In
solchen Endspielen ist es wichtig, daß der weiße König vom schwarzen Bauern
abgehalten wird.} 63. Rc1 (63. Rh8 Kg3 $11) 63... Kg3 64. Kf5 Kg2 65. Kf4 (65.
Kg4 h1=Q 66. Rc2+ Kf1 (66... Kg1 67. Rc1+ $11 (67. Kg3 $4 {[%cal Rc2c1,Rc1g1]}
Qh6 $19 {[%cal Gh6c1]})) 67. Rc1+ $11) 65... h1=R {Das ist witzig. Dieser Zug
ist weniger logisch, aber ebensogut wie 65...h1Q.} 66. Rc2+ Kh3 (66... Kg1 $4
67. Kg3 $18) 67. Rc3+ 1/2-1/2